000 00547nam a2200193Ia 4500
005 20250508153310.0
008 008 250505s9999 xx 000 0 eng d
037 _aBooks to be hide in OPAC
040 _aFEDL
_beng
_cFEDL
041 _aeng
_2eng
084 _qFEDL
100 _aBastien Paul
_9763641
245 0 _aLe nouveau baccalaureat : Les carrieres auxquelles il donne acces
260 _aParis, France
_bArmand Colin Et C Editeurs
_c1903
300 _a120p.
546 _aWeeded out
942 _cHB
999 _c1341828
_d1341828